| 000 | 00000nam 2200000zi 4500 |
| 001 | 9.924082 |
| 003 | CaOODSP |
| 005 | 20231123082806 |
| 006 | m o d f |
| 007 | cr mn||||||||| |
| 008 | 230619t20232023quc o f000 0 eng d |
| 020 | |a9780660491899 |
| 040 | |aCaOODSP|beng|erda|cCaOODSP |
| 043 | |an-cn--- |
| 086 | 1 |aCH44-180/2023E-PDF |
| 245 | 00|aChanging Narratives Fund report on consultations. |
| 264 | 1|aGatineau QC : |bCanadian Heritage = Patrimoine canadien, |c2023. |
| 264 | 4|c©2023 |
| 300 | |a1 online resource (40 unnumbered pages) |
| 336 | |atext|btxt|2rdacontent |
| 337 | |acomputer|bc|2rdamedia |
| 338 | |aonline resource|bcr|2rdacarrier |
| 500 | |aCover title. |
| 500 | |a"June 2023." |
| 500 | |aIssued also in French under title: Rapport de consultations sur le Fonds pour la diversité des voix. |
| 520 | |a"The Minister of Canadian Heritage's mandate letter includes a commitment to developing a "new Changing Narratives Fund to provide diverse communities with the tools to tell their own stories and to promote diverse voices in arts, culture and media." In response, Budget 2022 announced $5 million in funding in 2023-24 to Canadian Heritage to launch the Changing Narratives Fund (CNF). The development of this fund is an opportunity for the Government of Canada to help Indigenous, racialized, and religious minority journalists, creators, and organizations have their experiences and perspectives better represented"--Introduction, page [3]. |
| 650 | 0|aStorytelling in art|xPublic opinion. |
| 650 | 0|aStorytelling in mass media|xPublic opinion. |
| 650 | 0|aMass media in community development|zCanada|xPublic opinion. |
| 650 | 0|aIndigenous peoples and mass media|xGovernment policy|zCanada|xPublic opinion. |
| 650 | 0|aPublic opinion|zCanada. |
| 710 | 1 |aCanada. |bCanadian Heritage, |eissuing body. |
| 775 | 08|tRapport de consultations sur le Fonds pour la diversité des voix.|w(CaOODSP)9.924084 |
| 856 | 40|qPDF|s590 KB|uhttps://publications.gc.ca/collections/collection_2023/pch/CH44-180-2023-eng.pdf |
| 856 | 4 |qHTML|sN/A|uhttps://www.canada.ca/en/canadian-heritage/campaigns/changing-narratives-fund/stakeholder-feedback.html |